U.S. State Birds by Picture - Statistics

General Stats
  • This quiz has been taken 444 times
  • The average score is 16 of 28
Answer Stats
Picture Hint Answer % Correct
LA Brown Pelican
94%
IL, IN, KY, NC, OH, VA, WV Northern Cardinal
94%
RI Rhode Island Red
91%
UT California Gull
88%
DE Delaware Blue Hen
88%
CT, MI, WI American Robin
87%
NM Greater Roadrunner
87%
HI Nēnē
80%
SD Ring-necked Pheasant
73%
MO, NY Eastern Bluebird
68%
ID, NV Mountain Bluebird
68%
AL Northern Flicker
61%
MD Baltimore Oriole
58%
MN Common Loon
57%
NH Purple Finch
56%
CA California Quail
55%
ME, MA Black-capped Chickadee
51%
IA, NJ, WA American Goldfinch
49%
AZ Cactus Wren
45%
SC Carolina Wren
45%
AR, FL, MS, TN, TX Northern Mockingbird
45%
PA Ruffed Grouse
40%
VT Hermit Thrush
31%
AK Willow Ptarmigan
27%
KS, MT, NE, ND, OR, WY Western Meadowlark
26%
GA Brown Thrasher
21%
OK Scissor-tailed Flycatcher
21%
CO Lark Bunting
19%
No matching quizzes found
Score Distribution
Percent of People with Each Score
Percentile by Number Answered
Your Score History
You have not taken this quiz